|
|
|
|
| LEADER |
01512nam a2200421 a 4500 |
| 001 |
000560537 |
| 003 |
CZ BrMZK |
| 005 |
20050922103100.0 |
| 007 |
ta |
| 008 |
010907s1991 xr g acze d |
| 015 |
|
|
|a cnb000071856
|
| 035 |
|
|
|a (OCoLC)39574199
|
| 040 |
|
|
|a BOA001
|b cze
|
| 043 |
|
|
|a e-cs---
|
| 072 |
|
7 |
|a 323
|x Vnitropolitický vývoj, politický život
|2 Konspekt
|9 15
|
| 072 |
|
7 |
|a 929
|x Biografie
|2 Konspekt
|9 8
|
| 080 |
|
|
|a 929
|2 MRF
|
| 080 |
|
|
|a 323.28-051
|2 MRF
|
| 080 |
|
|
|a 343.8
|2 MRF
|
| 080 |
|
|
|a 323.28:329.15
|2 MRF
|
| 080 |
|
|
|a 316.472.4
|2 MRF
|
| 080 |
|
|
|a (437)
|2 MRF
|
| 080 |
|
|
|a (0:82-94)
|2 MRF
|
| 100 |
1 |
|
|a Černý, Jiří,
|c publicista
|
| 245 |
1 |
0 |
|a Za dráty komunismu /
|c Jiří Černý, Josef Černý : 5291 den na Borech, v Leopoldově, na Mírově, ve Valdicích
|
| 250 |
|
|
|a 1. vyd.
|
| 260 |
|
|
|a Pardubice :
|b Akcent,
|c [1991?]
|
| 300 |
|
|
|a 64 s.
|
| 600 |
1 |
7 |
|a Černý, Josef,
|d 1903-1992
|7 xx0031945
|2 czenas
|
| 650 |
0 |
7 |
|a političtí vězni
|7 ph124262
|z Československo
|y 1948-1968
|2 czenas
|
| 650 |
0 |
7 |
|a věznice
|7 ph127394
|z Československo
|y 1948-1968
|2 czenas
|
| 650 |
0 |
7 |
|a zločiny komunismu
|7 ph139150
|z Československo
|y 1948-1968
|2 czenas
|
| 650 |
0 |
7 |
|a interpersonální vztahy
|7 ph114786
|2 czenas
|
| 655 |
|
7 |
|a autobiografické vzpomínky
|7 fd131854
|2 czenas
|
| 700 |
1 |
|
|a Černý, Josef,
|d 1903-1992
|7 xx0031945
|
| 910 |
|
|
|a BOA001
|b 2-0977.737
|
| 990 |
|
|
|a BK
|
| 996 |
6 |
|
|b 2619694412
|c 2-0977.737
|l MZK
|r Sklad / do 1 hodiny
|n 10
|w 000560537
|u 000010
|a 1
|e BOA001
|j MZK50
|s P
|